the social world fo oleder people (Record no. 8789)
[ view plain ]
| 000 -LEADER | |
|---|---|
| fixed length control field | 00406nam a22001697a 4500 |
| 003 - CONTROL NUMBER IDENTIFIER | |
| control field | OSt |
| 005 - DATE AND TIME OF LATEST TRANSACTION | |
| control field | 20211004083348.0 |
| 008 - FIXED-LENGTH DATA ELEMENTS--GENERAL INFORMATION | |
| fixed length control field | 211004b |||||||| |||| 00| 0 eng d |
| 020 ## - INTERNATIONAL STANDARD BOOK NUMBER | |
| International Standard Book Number | 1397803352155218 |
| 040 ## - CATALOGING SOURCE | |
| Transcribing agency | hu |
| 082 ## - DEWEY DECIMAL CLASSIFICATION NUMBER | |
| Classification number | 301.43'5'0922/gro |
| 100 ## - MAIN ENTRY--PERSONAL NAME | |
| Personal name | christina |
| 9 (RLIN) | 9436 |
| 245 ## - TITLE STATEMENT | |
| Title | the social world fo oleder people |
| 260 ## - PUBLICATION, DISTRIBUTION, ETC. | |
| Place of publication, distribution, etc. | nwe werk |
| Name of publisher, distributor, etc. | hall |
| Date of publication, distribution, etc. | 2009 |
| 300 ## - PHYSICAL DESCRIPTION | |
| Extent | 262 |
| 942 ## - ADDED ENTRY ELEMENTS (KOHA) | |
| Source of classification or shelving scheme | Dewey Decimal Classification |
| Koha item type | Books like text book referance book |
| Suppress in OPAC | No |
| Withdrawn status | Lost status | Source of classification or shelving scheme | Damaged status | Not for loan | Home library | Current library | Shelving location | Date acquired | Total Checkouts | Full call number | Barcode | Date last seen | Copy number | Price effective from | Koha item type | Source of acquisition | Coded location qualifier | Cost, normal purchase price |
|---|---|---|---|---|---|---|---|---|---|---|---|---|---|---|---|---|---|---|
| Dewey Decimal Classification | Social Library | Social Library | General Stacks | 10/04/2021 | 301.43'5'0922 | SHLIB 00001675 | 10/04/2021 | 1 | 10/04/2021 | Books like text book referance book | ||||||||
| Dewey Decimal Classification | Social Library | Social Library | General Stacks | 10/04/2021 | 301.43'5'0922/gro | SHLIB 00001674 | 10/04/2021 | 2 | 10/04/2021 | Books like text book referance book | ||||||||
| Dewey Decimal Classification | Social Library | Social Library | General Stacks | 10/04/2021 | 301.43'5'0922/gro | SHLIB 00001673 | 10/04/2021 | 3 | 10/04/2021 | Books like text book referance book | ||||||||
| Dewey Decimal Classification | Social Library | Social Library | General Stacks | 10/04/2021 | 10/04/2021 | 10/04/2021 | Books like text book referance book | 301.43'5'0922/gro | SHLIB 0000 | 4.00 |